| 000 | 00938nam0a22002771 4500 | ||
|---|---|---|---|
| 001 | rc\498086 | ||
| 005 | 20030616171715.9 | ||
| 010 |
_a5-277-00102-6 _914000 |
||
| 035 | _a(NLR Aleph) 005739375 | ||
| 090 |
_a4721725 _c4721725 |
||
| 100 | _a20030616d1988 u |0rusy50 ca | ||
| 101 | 0 | _arus | |
| 102 | _aRU | ||
| 105 | _aa ||||||||| | ||
| 200 | 1 |
_aРемонт речных судов _eСправочник _f[Ю.К. Аристов и др.] _gПод ред. А.Ф. Видецкого |
|
| 210 |
_aМ. _cТранспорт _d1988 |
||
| 215 |
_a429, [1] с. _cил. _d22 |
||
| 320 | _aБиблиогр.: с. 415 | ||
| 320 | _aПредм. указ.: с. 416-425 | ||
| 702 | 1 |
_aВидецкий _bА. Ф. _gАнатолий Федорович _4340 |
|
| 702 | 1 |
_aАристов _bЮ. К. _gЮрий Капитонович _4220 |
|
| 801 | 0 |
_aRU _bNLR _gpsbo |
|
| 801 | 1 |
_aRU _bELAR _2rusmarc |
|
| 852 |
_aNLR _j88-5/5564 |
||
| 942 | _cBOOK | ||
| 980 | _aNB | ||